000 01255nam a2200253Ia 4500
003 Ost
005 20260507075236.0
008 260507s9999||||xx |||||||||||||| ||und||
020 _a4943299579
040 _cfsecg
041 _aara
082 _a330
100 _aارتيمة، هاني جزاع
_eمؤلف
245 0 _aإدارة الخطر و التأمين :
_bمنظور إداري كمي و إسلامي /
_c هاني جزاع ارتيمة
260 _aعمان:
_bدار الحامد,
_c2010
300 _a236 صفحة؛
_bإيضاحات ؛
_c24 سم
504 _aمراجع ص.235
520 _aمفهوم الخطر و ادارته ، أهداف إدارة الخطر ، قياس الخطر و تجميع الأخطار، تجميع الخطر و مؤسسات التأمين ، تسعير و تسويق الخدمات التأمينية ، القواعد القانونية لعقد التأمين ، تنظيم شركات التأمين، حكم التأمين في الاسلام و أراء بعض الفقهاء.
653 _aاتخاذ القرارات
653 _aإدارة -المخاطر
653 _aالتأمين - البنوك
700 _aعكور، سامر محمد
_eمؤلف ثانوي
942 _cكتاب
999 _c43586
_d43586